[Event "29.Schlosspark-Open"]
[Site "Wiesbaden-Biebrich"]
[Date "2017.08.26"]
[Round "5.49"]
[White "Schmidt, Volker"]
[Black "Reinisch, Markus"]
[Result "0-1"]
[WhiteElo "1917"]
[BlackElo "1727"]
[PlyCount "120"]
[EventDate "2017.??.??"]
[WhiteTeam "TuS Dotzheim"]
[BlackTeam "Wiesbadener SV"]

1. c4 e6 2. g3 Nf6 3. Bg2 d5 4. Nf3 c6 5. O-O Be7 6. d3 O-O 7. Nbd2 Nbd7 8. b3
b6 9. Bb2 Bb7 10. Re1 c5 11. e3 Qc7 12. Rc1 Rad8 13. Qe2 Bd6 14. cxd5 exd5 15.
d4 Qb8 16. Nh4 Rfe8 17. Nf5 Bf8 18. g4 g6 19. Ng3 Bg7 20. g5 Ne4 21. Ndxe4 dxe4
22. Qg4 f5 23. Qe2 cxd4 24. exd4 Nf8 25. h4 Ne6 26. Red1 Nf4 27. Qf1 Rc8 28.
Rxc8 Rxc8 29. Bc1 Nd3 30. Ne2 Ba6 31. Nf4 Bxd4 32. Nxd3 Bxd3 33. Qe1 Bc3 34.
Qe3 Qe5 35. Bh3 Bd4 36. Qe1 Rc2 37. Bd2 Qg3+ 38. Bg2 Qxh4 39. Rc1 Rxc1 40. Bxc1
Qg4 41. Kh1 Qe2 42. Qxe2 Bxe2 43. Be3 Bxe3 44. fxe3 Kf7 45. Kh2 Ke6 46. Kg3 Kd5
47. Kf2 Bd3 48. Ke1 Ke5 49. Bh3 f4 50. Kf2 Bb1 51. a3 Ba2 52. b4 f3 53. Kg3 Be6
54. Bf1 a5 55. Kf2 a4 56. Kg3 Bb3 57. Bh3 Bc4 58. Kf2 Bd3 59. Bd7 b5 60. Bh3
Kd5 0-1

[Event "29.Schlosspark-Open"]
[Site "Wiesbaden-Biebrich"]
[Date "2017.08.26"]
[Round "5.50"]
[White "Niedenthal, Robert"]
[Black "GÃ¼rtler, Karl-Heinz"]
[Result "0-1"]
[WhiteElo "1707"]
[BlackElo "1912"]
[PlyCount "84"]
[EventDate "2017.??.??"]
[WhiteTeam "SV Hofheim"]
[BlackTeam "SC Ober-Ramstadt"]

1. c4 d6 2. g3 e5 3. Bg2 f5 4. d3 Nf6 5. Nc3 c6 6. e3 Be7 7. Nh3 Na6 8. O-O O-O
9. a3 Rb8 10. b4 Nc7 11. Rb1 a6 12. Qc2 Bd7 13. Bb2 b5 14. f4 Ng4 15. Rbe1 bxc4
16. dxc4 e4 17. Nf2 h5 18. h3 Nh6 19. Rd1 Qe8 20. Ne2 c5 21. Bc3 Ba4 22. Qb2
Bxd1 23. Rxd1 Qg6 24. Kh2 Bf6 25. Qd2 Bxc3 26. Nxc3 Nf7 27. bxc5 dxc5 28. Bf1
Rfd8 29. Nd5 Nxd5 30. cxd5 Qf6 31. Kg2 Rb2 32. Qa5 Qb6 33. Qxa6 Qxa6 34. Bxa6
Ra8 35. Bc4 Nd6 36. Rc1 Rxa3 37. g4 hxg4 38. hxg4 fxg4 39. Kg3 Rxe3+ 40. Kg2 g3
41. Bf1 Rxf2+ 42. Kg1 c4 0-1

[Event "29.Schlosspark-Open"]
[Site "Wiesbaden-Biebrich"]
[Date "2017.08.26"]
[Round "5.51"]
[White "Viol, Julius"]
[Black "Rowland, Anthony"]
[Result "1-0"]
[WhiteElo "1589"]
[BlackElo "1904"]
[PlyCount "99"]
[EventDate "2017.??.??"]
[WhiteTeam "FC Bierstadt"]
[BlackTeam "SC Taunusstein"]

1. c4 Nf6 2. g3 c5 3. Bg2 g6 4. Nc3 Bg7 5. e4 Nc6 6. Nge2 d6 7. O-O Bg4 8. h3
Bd7 9. a3 Qc8 10. Kh2 h5 11. f3 g5 12. Rf2 Ne5 13. d3 g4 14. f4 gxh3 15. fxe5
Ng4+ 16. Kg1 Nxf2 17. Kxf2 hxg2 18. Kxg2 Bxe5 19. Bg5 Bg4 20. Nd5 f6 21. Bh4
Qd7 22. Qd2 O-O-O 23. Rb1 Rhf8 24. b4 e6 25. Ne3 Kb8 26. d4 cxd4 27. Nxd4 Rc8
28. b5 Bxd4 29. Qxd4 f5 30. e5 d5 31. c5 Ka8 32. a4 Qc7 33. Rc1 Rg8 34. Bf6 Rg6
35. c6 b6 36. Qb4 h4 37. Qd6 h3+ 38. Kh2 Rxf6 39. Qxc7 Rxc7 40. exf6 Kb8 41.
Re1 Bf3 42. Nxf5 Be4 43. Nd6 Bg6 44. Rxe6 a6 45. Kxh3 d4 46. Kg4 d3 47. Kf3
axb5 48. axb5 Ra7 49. Re7 Ra1 50. c7+ 1-0

[Event "29.Schlosspark-Open"]
[Site "Wiesbaden-Biebrich"]
[Date "2017.08.26"]
[Round "5.52"]
[White "BÃ¼se, Ralf"]
[Black "Schwenk, Stefan"]
[Result "1/2-1/2"]
[WhiteElo "1896"]
[BlackElo "1640"]
[PlyCount "55"]
[EventDate "2017.??.??"]
[WhiteTeam "SC Ladja RoÃŸdorf"]
[BlackTeam "TuS Dotzheim"]

1. d4 d5 2. Bf4 e6 3. e3 Nf6 4. Nd2 c5 5. c3 Nbd7 6. Bd3 Be7 7. h3 c4 8. Bc2 b5
9. a4 b4 10. cxb4 Bxb4 11. Ngf3 Ba6 12. O-O c3 13. bxc3 Bxc3 14. Ra3 Qa5 15.
Re1 O-O 16. Bd6 Rfd8 17. e4 dxe4 18. Bxe4 Nxe4 19. Rxe4 Bxd2 20. Nxd2 Bb7 21.
Rg4 Nf6 22. Be7 Nxg4 23. Bxd8 Qd5 24. Qxg4 Rxd8 25. Nf3 h5 26. Qh4 g6 27. Qf6
Rd7 28. Re3 1/2-1/2

[Event "29.Schlosspark-Open"]
[Site "Wiesbaden-Biebrich"]
[Date "2017.08.26"]
[Round "5.53"]
[White "Modric, Vladimir"]
[Black "Triantafillidis, Dimitrios"]
[Result "1-0"]
[WhiteElo "1894"]
[BlackElo "1624"]
[PlyCount "75"]
[EventDate "2017.??.??"]
[WhiteTeam "SC Nied"]
[BlackTeam "SF HN-Biberach"]

1. g3 d5 2. Bg2 Nf6 3. f4 Bf5 4. Nf3 Nbd7 5. d3 e6 6. O-O Bd6 7. c3 O-O 8. Nh4
Bg6 9. Nxg6 hxg6 10. e4 dxe4 11. dxe4 e5 12. f5 gxf5 13. Rxf5 g6 14. Rf1 Kg7
15. Bg5 Bc5+ 16. Kh1 Be7 17. Nd2 Rh8 18. Qf3 Rh5 19. Be3 Qh8 20. h4 g5 21. Bh3
Rf8 22. Kg2 gxh4 23. g4 Rh7 24. g5 Nh5 25. Bxd7 Qg8 26. Kh2 Ng3 27. Rf2 Rd8 28.
Bg4 Rd3 29. Nc4 Bxg5 30. Rd1 Rxd1 31. Qxd1 b5 32. Bxg5 Nxe4 33. Rg2 bxc4 34.
Bf5 Ng3 35. Bxh7 Qxh7 36. Qg4 Nf1+ 37. Kg1 Qb1 38. Be7+ 1-0

[Event "29.Schlosspark-Open"]
[Site "Wiesbaden-Biebrich"]
[Date "2017.08.26"]
[Round "5.54"]
[White "Bakiev, Diyor"]
[Black "FrÃ¶hlich-Dill, Astrid"]
[Result "1-0"]
[WhiteElo "1627"]
[BlackElo "1891"]
[PlyCount "59"]
[EventDate "2017.??.??"]
[WhiteTeam "SV Ffm-Griesheim"]
[BlackTeam "SV Hofheim"]

1. e4 e6 2. d4 b6 3. Nf3 Bb7 4. Nc3 Bb4 5. Bd3 c5 6. a3 Bxc3+ 7. bxc3 c4 8.
Bxc4 Bxe4 9. O-O Nf6 10. Bg5 Qc7 11. Bd3 Qxc3 12. Bxf6 Bxd3 13. cxd3 gxf6 14.
Rc1 Qxa3 15. Rc8+ Ke7 16. Rxh8 Qd6 17. Re1 a5 18. Nh4 Qd5 19. Qf3 Qxf3 20. Nxf3
a4 21. Ra1 b5 22. Rc8 Kd6 23. Kf1 b4 24. Nd2 Kd5 25. Ke2 d6 26. f4 f5 27. h3 f6
28. Nc4 e5 29. Nb6+ Ke6 30. Nxa8 1-0

[Event "29.Schlosspark-Open"]
[Site "Wiesbaden-Biebrich"]
[Date "2017.08.26"]
[Round "5.55"]
[White "Wachsmann, Elmar"]
[Black "Hipler, Andreas"]
[Result "0-1"]
[WhiteElo "1604"]
[BlackElo "1884"]
[PlyCount "80"]
[EventDate "2017.??.??"]
[WhiteTeam "SC GroÃŸ-Umstadt"]
[BlackTeam "SK Gau-Algesheim"]

1. d4 Nf6 2. Nf3 e6 3. Bg5 Be7 4. e3 O-O 5. Bd3 b6 6. O-O Bb7 7. Nbd2 d6 8. c3
Nbd7 9. Rc1 e5 10. Qc2 h6 11. Bh4 Nh5 12. Bxe7 Qxe7 13. b4 d5 14. Be2 e4 15.
Ne5 Nxe5 16. Bxh5 Nd7 17. Qb3 b5 18. a4 a6 19. Qc2 g6 20. Be2 c6 21. Nb3 Bc8
22. Ra1 Nb6 23. axb5 axb5 24. Rxa8 Nxa8 25. Ra1 Nb6 26. Na5 Qc7 27. h4 f5 28.
g3 Bd7 29. Kg2 g5 30. hxg5 hxg5 31. Rg1 f4 32. gxf4 gxf4 33. Kf1+ Kf7 34. Bh5+
Ke7 35. Rg6 fxe3 36. f3 exf3 37. Rg7+ Kd8 38. Qg6 Bh3+ 39. Ke1 f2+ 40. Kd1
f1=Q+ 0-1

[Event "29.Schlosspark-Open"]
[Site "Wiesbaden-Biebrich"]
[Date "2017.08.26"]
[Round "5.56"]
[White "Brechlin, Olaf"]
[Black "Lehmann, Wolfgang"]
[Result "1-0"]
[WhiteElo "1879"]
[BlackElo "1603"]
[PlyCount "47"]
[EventDate "2017.??.??"]
[WhiteTeam "FVS ASP Hoyerswerda"]
[BlackTeam "Wiesbadener SV"]

1. Nc3 d5 2. e4 dxe4 3. Nxe4 e6 4. d4 Be7 5. Bd3 Nf6 6. f3 Nbd7 7. Ne2 b6 8.
O-O O-O 9. c3 Bb7 10. Qc2 Nxe4 11. fxe4 e5 12. Ng3 Rc8 13. Nf5 Bf6 14. Be3 exd4
15. Bxd4 Ne5 16. Bb5 a6 17. Bxe5 Bxe5 18. Rad1 Qg5 19. Bc4 g6 20. h4 Bxe4 21.
Qxe4 gxf5 22. Rxf5 Qh6 23. Rxe5 Rce8 24. Rxe8 1-0

[Event "29.Schlosspark-Open"]
[Site "Wiesbaden-Biebrich"]
[Date "2017.08.26"]
[Round "5.57"]
[White "Hoffmann, Jens"]
[Black "Denninger, David"]
[Result "1-0"]
[WhiteElo "1869"]
[BlackElo "1585"]
[PlyCount "79"]
[EventDate "2017.??.??"]
[WhiteTeam "SF HN-Biberach"]
[BlackTeam "SC JÃ„KLECHEMIE"]

1. e4 c5 2. Nf3 a6 3. d4 cxd4 4. Nxd4 Nf6 5. Nc3 e5 6. Nf3 Bb4 7. Bd2 O-O 8.
Bd3 d5 9. Nxd5 Nxd5 10. exd5 Bxd2+ 11. Nxd2 Qxd5 12. Qh5 h6 13. O-O Nc6 14.
Rfe1 Qd4 15. Nc4 Bg4 16. Qh4 b5 17. Re4 Qd8 18. Rxg4 Qxh4 19. Rxh4 bxc4 20.
Rxc4 Nd4 21. c3 Ne6 22. Rc6 a5 23. Bc4 Ng5 24. h4 Nh7 25. Re1 Rac8 26. Rxc8
Rxc8 27. Bd5 Nf8 28. Rxe5 Ng6 29. Re4 Kf8 30. g3 f6 31. Rc4 Rb8 32. b3 Rb5 33.
Rc8+ Ke7 34. c4 Rb6 35. Rg8 Kd6 36. Rxg7 Ne7 37. Rh7 Nxd5 38. cxd5 Kxd5 39.
Rxh6 Rc6 40. Rh5+ 1-0

[Event "29.Schlosspark-Open"]
[Site "Wiesbaden-Biebrich"]
[Date "2017.08.26"]
[Round "5.58"]
[White "Schlitzer, Felix"]
[Black "Werner, Tom"]
[Result "1-0"]
[WhiteElo "1837"]
[BlackElo "1516"]
[PlyCount "43"]
[EventDate "2017.??.??"]
[WhiteTeam "TuS Dotzheim"]
[BlackTeam "VSG Offenbach"]

1. d4 d5 2. c4 e6 3. Nc3 Nf6 4. e3 Be7 5. Nf3 O-O 6. Bd3 c5 7. O-O Nc6 8. dxc5
Bxc5 9. a3 a5 10. Qc2 b6 11. b3 Bb7 12. Bb2 dxc4 13. Bxc4 Qe7 14. Ng5 h6 15.
Nd5 hxg5 16. Nxe7+ Bxe7 17. Rad1 Rfd8 18. Rxd8+ Rxd8 19. Rd1 Rd6 20. Rxd6 Bxd6
21. Bxf6 gxf6 22. Qd3 1-0

[Event "29.Schlosspark-Open"]
[Site "Wiesbaden-Biebrich"]
[Date "2017.08.26"]
[Round "5.59"]
[White "Tufa, Mihai"]
[Black "Hamwi, Mustafa"]
[Result "1-0"]
[WhiteElo "1998"]
[BlackElo "1219"]
[PlyCount "58"]
[EventDate "2017.??.??"]
[WhiteTeam "Club Sah Diana Galati"]
[BlackTeam "SV RÃ¼sselsheim"]

1. e4 c5 2. c3 Nc6 3. d4 cxd4 4. cxd4 Nf6 5. d5 Ne5 6. f4 Ng6 7. e5 Qa5+ 8. Qd2
Qxd5 9. exf6 Qe6+ 10. Ne2 gxf6 11. Qc2 b6 12. f5 Qc6 13. Qxc6 dxc6 14. fxg6
hxg6 15. g3 e5 16. Bg2 Bb7 17. Nbc3 O-O-O 18. a3 f5 19. Bg5 Rd6 20. Rd1 Rxd1+
21. Kxd1 Bg7 22. Be3 g5 23. Bxg5 f4 24. Ne4 Kc7 25. g4 c5 26. Nxf4 exf4 27.
Bxf4+ Kd8 28. Kc2 Bd4 29. Re1 Rh4 1-0

[Event "29.Schlosspark-Open"]
[Site "Wiesbaden-Biebrich"]
[Date "2017.08.26"]
[Round "5.60"]
[White "Launert, Martin"]
[Black "Krischak, Werner"]
[Result "1-0"]
[WhiteElo "1894"]
[BlackElo "1761"]
[PlyCount "103"]
[EventDate "2017.??.??"]
[WhiteTeam "Sfr. Erbach"]
[BlackTeam "SK Marburg"]

1. e4 c6 2. d4 d5 3. Nc3 dxe4 4. Nxe4 Bf5 5. Ng3 Bg6 6. h4 h6 7. h5 Bh7 8. Nf3
Nd7 9. Bd3 Bxd3 10. Qxd3 e6 11. Bd2 Ngf6 12. O-O-O Qc7 13. Kb1 O-O-O 14. Qb3
Bd6 15. Ne2 Rhe8 16. Qa4 Kb8 17. Ba5 b6 18. Bd2 b5 19. Qb3 Nb6 20. Ba5 Nfd5 21.
Nc3 Qb7 22. Ne4 Qa6 23. Nxd6 Rxd6 24. Bxb6 axb6 25. Ne5 Re7 26. Nd3 Ra7 27. a3
Rdd7 28. Ne5 Rdc7 29. c4 bxc4 30. Nxc4 Qa4 31. Qxa4 Rxa4 32. b3 Ra8 33. Kb2 b5
34. Ne5 f6 35. Nd3 Rca7 36. Ra1 Kc7 37. Rhe1 Kd6 38. f4 Rb8 39. g3 Rab7 40. Nc5
Re7 41. Rac1 Rbe8 42. Rc2 Nb6 43. Ne4+ Kd7 44. Rce2 Nd5 45. Nc3 Nxc3 46. Kxc3
Ra8 47. f5 Rxa3 48. Kb4 Ra8 49. Rxe6 Rae8 50. Kc5 Rxe6 51. Rxe6 Rb8 52. Rd6+
1-0

[Event "29.Schlosspark-Open"]
[Site "Wiesbaden-Biebrich"]
[Date "2017.08.26"]
[Round "5.61"]
[White "Brauch, Manfred"]
[Black "Do, Nam"]
[Result "0-1"]
[WhiteElo "1626"]
[BlackElo "1862"]
[PlyCount "54"]
[EventDate "2017.??.??"]
[WhiteTeam "Barmbeker SK"]
[BlackTeam "SK Sandhausen"]

1. d4 Nf6 2. Nf3 e6 3. e3 Be7 4. Bd3 d5 5. Nbd2 Nbd7 6. O-O O-O 7. Re1 b6 8.
Nf1 Bb7 9. c3 Re8 10. Ng3 c5 11. Bd2 Bd6 12. Rc1 Rc8 13. Bb1 Bb8 14. Ng5 h6 15.
Nh3 e5 16. dxe5 Nxe5 17. e4 Nc4 18. Rc2 Nxe4 19. Bf4 Bxf4 20. Nxf4 Qg5 21. Rce2
Qxf4 22. f3 Ned6 23. Qd3 g6 24. Nh5 Qg5 25. Ng3 Rxe2 26. Rxe2 Re8 27. Rxe8+
Nxe8 0-1

[Event "29.Schlosspark-Open"]
[Site "Wiesbaden-Biebrich"]
[Date "2017.08.26"]
[Round "5.62"]
[White "Held, Maurice"]
[Black "Schneider, Lutz"]
[Result "1-0"]
[WhiteElo "1856"]
[BlackElo "1737"]
[PlyCount "46"]
[EventDate "2017.??.??"]
[WhiteTeam "SC Ladja RoÃŸdorf"]
[BlackTeam "Sfr. Wiesbaden"]

1. c4 e5 2. g3 c6 3. Bg2 d5 4. cxd5 cxd5 5. d4 e4 6. Nc3 Nc6 7. Nh3 Bb4 8. Qb3
Qb6 9. Qxd5 Be6 10. Qxe4 Nf6 11. Qd3 Nxd4 12. O-O Rd8 13. Be3 Bc5 14. Bxd4 Bxd4
15. e3 Be5 16. Qc2 O-O 17. Ng5 Bg4 18. h3 Bh5 19. Nd5 Bg6 20. Ne7+ Kh8 21.
Nxg6+ hxg6 22. Qc4 Rd7 23. Rad1 Rfd8 1-0

[Event "29.Schlosspark-Open"]
[Site "Wiesbaden-Biebrich"]
[Date "2017.08.26"]
[Round "5.63"]
[White "Deppe, Leo Max"]
[Black "Stieg, Bastian"]
[Result "0-1"]
[WhiteElo "1846"]
[BlackElo "1730"]
[PlyCount "80"]
[EventDate "2017.??.??"]
[WhiteTeam "SC Bad Soden"]
[BlackTeam "SV Oberursel"]

1. d4 d5 2. c4 e6 3. Nc3 Nf6 4. Bg5 Be7 5. e3 c6 6. Nf3 Nbd7 7. Bd3 h6 8. Bf4
Nh5 9. Be5 Nxe5 10. Nxe5 Nf6 11. O-O O-O 12. c5 Nd7 13. f4 a5 14. Na4 Bf6 15.
Rc1 Qe7 16. Bb1 Bxe5 17. fxe5 f5 18. exf6 Nxf6 19. Qd3 e5 20. dxe5 Qxe5 21. Rf3
Bg4 22. Rg3 h5 23. Qd4 Rae8 24. Qxe5 Rxe5 25. h3 Be2 26. Re1 h4 27. Rxg7+ Kxg7
28. Rxe2 Ne4 29. Bxe4 Rxe4 30. b3 d4 31. Nb2 Rxe3 32. Rd2 Re1+ 33. Kh2 Rff1 34.
g4 Rh1+ 35. Kg2 Reg1+ 36. Kf2 Rh2+ 37. Kxg1 Rxd2 38. Nc4 Rxa2 39. Nd6 d3 40.
Kf1 Ra1+ 0-1

[Event "29.Schlosspark-Open"]
[Site "Wiesbaden-Biebrich"]
[Date "2017.08.26"]
[Round "5.64"]
[White "Schubert, Wolfgang"]
[Black "Schomann, Michael"]
[Result "1-0"]
[WhiteElo "1806"]
[BlackElo "1705"]
[PlyCount "57"]
[EventDate "2017.??.??"]
[WhiteTeam "Wiesbadener SV"]
[BlackTeam "TSV KÃ¼cknitz"]

1. e4 c5 2. Nf3 d6 3. d4 cxd4 4. Nxd4 Nf6 5. Nc3 e5 6. Nb3 Be6 7. Be2 Be7 8.
O-O a6 9. f4 Qb6+ 10. Kh1 exf4 11. Bxf4 Nbd7 12. Qe1 Ne5 13. Qg3 Ng6 14. Be3
Qc6 15. Bf3 Ne5 16. Nd4 Qd7 17. Nxe6 Qxe6 18. Qxg7 Rg8 19. Qh6 Rg6 20. Qf4
O-O-O 21. Nd5 Rdg8 22. Bd4 Nxf3 23. gxf3 Nxd5 24. exd5 Qxd5 25. Rae1 Bg5 26.
Qe4 Qxa2 27. Qf5+ Kc7 28. b3 Rd8 29. Ra1 1-0

[Event "29.Schlosspark-Open"]
[Site "Wiesbaden-Biebrich"]
[Date "2017.08.26"]
[Round "5.65"]
[White "Meding, Olaf"]
[Black "KnÃ¶dler, Marcel"]
[Result "1/2-1/2"]
[WhiteElo "1799"]
[BlackElo "1581"]
[PlyCount "76"]
[EventDate "2017.??.??"]
[WhiteTeam "SF Mainz"]
[BlackTeam "FC Bierstadt"]

1. d4 g6 2. Bf4 d6 3. e4 Bg7 4. Nc3 Nc6 5. Nge2 Bg4 6. f3 Bd7 7. Qd2 e5 8. Bg5
f6 9. Bh4 Bh6 10. Qd1 g5 11. Bf2 Nce7 12. g4 Ng6 13. Ng3 Be6 14. d5 Bd7 15. Nf5
Nf4 16. Nxh6 Nxh6 17. h4 Nf7 18. h5 h6 19. Ne2 Nxe2 20. Bxe2 O-O 21. c4 c5 22.
dxc6 bxc6 23. Qd2 Be6 24. Rd1 Qc7 25. O-O Rfd8 26. Qd3 a5 27. b3 Rd7 28. Rd2
Rb8 29. Rb1 c5 30. Rdb2 Qc6 31. Bd1 Rdb7 32. a4 Bd7 33. Be1 Qa6 34. Bc3 Rb6 35.
Bd2 Ra8 36. Kf2 Nd8 37. Be2 Ne6 38. Kg3 Nd8 1/2-1/2

[Event "29.Schlosspark-Open"]
[Site "Wiesbaden-Biebrich"]
[Date "2017.08.26"]
[Round "5.66"]
[White "Sefeloge, Michael"]
[Black "Jakesevic, Ivan"]
[Result "1-0"]
[WhiteElo "1797"]
[BlackElo "1615"]
[PlyCount "77"]
[EventDate "2017.??.??"]
[WhiteTeam "SV Lahnstein"]
[BlackTeam "FC Bierstadt"]

1. d4 e6 2. c4 c5 3. Nf3 Nf6 4. e3 d5 5. cxd5 Nxd5 6. dxc5 Bxc5 7. Bb5+ Bd7 8.
Qa4 a6 9. Bxd7+ Nxd7 10. O-O O-O 11. Rd1 N7f6 12. e4 Nb6 13. Rxd8 Nxa4 14.
Rxf8+ Rxf8 15. b3 Nb6 16. Nbd2 Ng4 17. h3 Nxf2 18. b4 Nxe4+ 19. bxc5 Nxd2 20.
Bxd2 Nd7 21. Bb4 Rc8 22. Rd1 Nf6 23. Ne5 h6 24. a4 Nd5 25. Ba3 f6 26. Nc4 Nc3
27. Rd7 Nxa4 28. Rxb7 Nxc5 29. Ra7 Ne4 30. Nb6 Rc6 31. Rxa6 Kh7 32. Bb4 h5 33.
h4 f5 34. Kh2 f4 35. Bf8 Kg6 36. Be7 e5 37. Bf8 Kh6 38. Ra7 Rg6 39. Nd5 1-0

[Event "29.Schlosspark-Open"]
[Site "Wiesbaden-Biebrich"]
[Date "2017.08.26"]
[Round "5.67"]
[White "BÃ¼hler, Severin"]
[Black "Stork, Christopher"]
[Result "1-0"]
[WhiteElo "1776"]
[BlackElo "1569"]
[PlyCount "115"]
[EventDate "2017.??.??"]
[WhiteTeam "Heilbronner SV"]
[BlackTeam "SV Oberursel"]

1. e4 c5 2. Nf3 Nc6 3. d4 cxd4 4. Nxd4 g6 5. Nc3 Bg7 6. Be3 Nf6 7. Bc4 O-O 8.
Bb3 d6 9. h3 Bd7 10. O-O Nxd4 11. Bxd4 Bc6 12. f3 a6 13. Qd2 Rc8 14. Rad1 b5
15. Ne2 Qd7 16. Rfe1 Qb7 17. c3 Rfd8 18. Kh1 Rd7 19. Ng3 Rcd8 20. Qf2 Rb8 21.
e5 dxe5 22. Bxe5 Rbd8 23. Bd4 e6 24. Bc2 Nd5 25. Bxg7 Kxg7 26. Ne4 Qb6 27. Qxb6
Nxb6 28. Nc5 Rxd1 29. Rxd1 Rxd1+ 30. Bxd1 a5 31. Nb3 Nc4 32. Be2 Nxb2 33. Nxa5
Bd7 34. c4 bxc4 35. Nxc4 Nxc4 36. Bxc4 Kf6 37. Kg1 Ke5 38. Kf2 Kd4 39. Bb3 Kc3
40. Ke3 Bb5 41. g3 Bc4 42. Bxc4 Kxc4 43. Kf4 f6 44. h4 h6 45. g4 g5+ 46. hxg5
hxg5+ 47. Ke4 Kc3 48. a4 Kb4 49. Kd4 Kxa4 50. Kc5 f5 51. Kd6 Kb5 52. Kxe6 fxg4
53. fxg4 Kc6 54. Kf5 Kd7 55. Kxg5 Ke7 56. Kh6 Kf7 57. g5 Kg8 58. Kg6 1-0

[Event "29.Schlosspark-Open"]
[Site "Wiesbaden-Biebrich"]
[Date "2017.08.26"]
[Round "5.68"]
[White "Sitta, Stefan"]
[Black "Falkenhainer, Sven"]
[Result "0-1"]
[WhiteElo "1314"]
[BlackElo "1762"]
[PlyCount "66"]
[EventDate "2017.??.??"]
[WhiteTeam "Sfr. Wiesbaden"]
[BlackTeam "SC Bergen-Enkheim"]

1. d4 e6 2. Bf4 d5 3. e3 Nf6 4. Nf3 Be7 5. Nbd2 O-O 6. c3 Nbd7 7. Bd3 Nh5 8.
Bg3 g6 9. Ne5 Nxe5 10. Bxe5 f6 11. Bg3 c6 12. Qc2 f5 13. O-O-O Nf6 14. Nf3 b5
15. Ne5 Bb7 16. Bf4 Kg7 17. h4 Nh5 18. g4 Nxf4 19. exf4 Bd6 20. h5 Bxe5 21.
fxe5 Qg5+ 22. Kb1 Qxg4 23. Rdg1 Qf4 24. hxg6 hxg6 25. Rg3 Rh8 26. Rhg1 Rh6 27.
f3 Rg8 28. Qg2 Kf7 29. Be2 Bc8 30. a3 Bd7 31. Rg5 Be8 32. b4 Rh2 33. Qg3 Qd2
0-1

[Event "29.Schlosspark-Open"]
[Site "Wiesbaden-Biebrich"]
[Date "2017.08.26"]
[Round "5.69"]
[White "Lanz, Udo"]
[Black "Bartsch, Marius"]
[Result "1-0"]
[WhiteElo "1762"]
[BlackElo "1608"]
[PlyCount "65"]
[EventDate "2017.??.??"]
[WhiteTeam "VSG Offenbach"]
[BlackTeam "Wiesbadener SV"]

1. e4 e5 2. Nf3 Nc6 3. Nc3 Nf6 4. h3 Be7 5. Bb5 d6 6. d3 h6 7. Be3 a6 8. Ba4
Be6 9. d4 exd4 10. Nxd4 Bd7 11. Bb3 b5 12. f3 O-O 13. Nxc6 Bxc6 14. Ne2 Bb7 15.
c3 c5 16. O-O Qd7 17. Qd2 Rad8 18. Ng3 d5 19. e5 Ne8 20. Bc2 d4 21. cxd4 cxd4
22. Bf4 Bg5 23. Bxg5 hxg5 24. Qxg5 d3 25. Rad1 Qc7 26. Bxd3 Rd5 27. Rfe1 Qd7
28. Bc2 Rxd1 29. Rxd1 Qc6 30. Bb3 Qh6 31. Qxh6 gxh6 32. Nf5 Nc7 33. Rd7 1-0

[Event "29.Schlosspark-Open"]
[Site "Wiesbaden-Biebrich"]
[Date "2017.08.26"]
[Round "5.70"]
[White "Raima, Jan"]
[Black "Wunschik, Joachim"]
[Result "0-1"]
[WhiteElo "774"]
[BlackElo "1762"]
[PlyCount "98"]
[EventDate "2017.??.??"]
[WhiteTeam "FC Bierstadt"]
[BlackTeam "SV RÃ¼sselsheim"]

1. b4 d5 2. a3 e6 3. Bb2 Nf6 4. g3 a5 5. b5 c6 6. bxc6 bxc6 7. Bg2 Nbd7 8. Nf3
Bd6 9. h3 O-O 10. Nd4 Qb6 11. Nb3 a4 12. Bd4 c5 13. Nxc5 Bxc5 14. Bxc5 Nxc5 15.
d3 Rb8 16. Nd2 Ba6 17. Rb1 Qa5 18. Ra1 Rb2 19. Qc1 Qc3 20. O-O Rxc2 21. Nb1
Rxc1 22. Nxc3 Rxc3 23. d4 Nb3 24. Rad1 Bxe2 25. Kh2 Bxf1 26. Bxf1 Rc1 27. Rxc1
Nxc1 28. Bb5 Ra8 29. Bc6 Ra5 30. Kg2 Nb3 31. g4 h6 32. Kf3 Nxd4+ 33. Ke3 Nxc6
34. Kf4 g5+ 35. Ke3 e5 36. Kd3 Rc5 37. f3 Kf8 38. Ke3 Rc3+ 39. Kd2 Rxf3 40. Ke2
Rxh3 41. Kf2 Nxg4+ 42. Kg2 Rxa3 43. Kf1 Ra2 44. Ke1 Rb2 45. Kd1 a3 46. Kc1 e4
47. Kd1 e3 48. Ke1 a2 49. Kf1 a1=Q# 0-1

[Event "29.Schlosspark-Open"]
[Site "Wiesbaden-Biebrich"]
[Date "2017.08.26"]
[Round "5.71"]
[White "Salecker, Phil"]
[Black "Weiland, Thomas"]
[Result "1/2-1/2"]
[WhiteElo "1673"]
[BlackElo "1844"]
[PlyCount "97"]
[EventDate "2017.??.??"]
[WhiteTeam "SC FK Babenhausen"]
[BlackTeam "SV Oberursel"]

1. d4 g6 2. Bf4 d6 3. Nf3 Bg7 4. e3 Nf6 5. Nbd2 Nh5 6. Bg3 Nxg3 7. hxg3 Bg4 8.
c3 c6 9. Qb3 Qb6 10. Nc4 Qxb3 11. axb3 Nd7 12. b4 b6 13. Ncd2 h6 14. Ba6 Rb8
15. Bd3 Rb7 16. O-O O-O 17. b5 cxb5 18. Bxb5 Rc7 19. Ra6 Nb8 20. Ra3 Bd7 21.
Bxd7 Nxd7 22. Rfa1 a5 23. Nb3 Rfc8 24. Nc1 e5 25. Ne2 e4 26. Nd2 d5 27. Nf4 Nf6
28. Rb3 g5 29. Ne2 Rc6 30. Rba3 Bf8 31. Ra4 Bd6 32. Rc1 Kg7 33. Nb1 Rc4 34.
Rxc4 Rxc4 35. Na3 Bxa3 36. bxa3 Ra4 37. Ra1 b5 38. Kf1 b4 39. cxb4 axb4 40. Ke1
Nd7 41. Kd1 Nb6 42. Kc2 bxa3 43. Kb3 Ra8 44. Rxa3 Rxa3+ 45. Kxa3 Kf6 46. Kb4
Ke6 47. Kc5 Nd7+ 48. Kc6 f5 49. Nc3 1/2-1/2

[Event "29.Schlosspark-Open"]
[Site "Wiesbaden-Biebrich"]
[Date "2017.08.26"]
[Round "5.72"]
[White "KÃ¼nne, Lutz"]
[Black "Boder, Jan"]
[Result "0-1"]
[WhiteElo "1635"]
[BlackElo "1808"]
[PlyCount "86"]
[EventDate "2017.??.??"]
[WhiteTeam "KC Jena"]
[BlackTeam "SG MÃ¶rsdorf-Lahr"]

1. d4 Nf6 2. Bf4 g6 3. e3 d6 4. c4 Bg7 5. Nc3 Bf5 6. Bd3 Bxd3 7. Qxd3 Nbd7 8.
Nf3 c5 9. d5 a6 10. O-O O-O 11. h3 Ne8 12. Rfc1 Nc7 13. Rab1 b5 14. b3 b4 15.
Ne2 a5 16. e4 a4 17. bxa4 Rxa4 18. Qd2 Qa8 19. Rc2 Rb8 20. Ne1 Qa6 21. Nc1 Nb6
22. Qe2 Ra8 23. e5 Re8 24. Nf3 Ra3 25. Qf1 Na4 26. Rb3 Nc3 27. Rxa3 Qxa3 28.
exd6 exd6 29. Bxd6 Qa7 30. Bxc7 Qxc7 31. Rd2 Bh6 32. Rc2 Qd7 33. Nd3 Qa4 34.
Rxc3 bxc3 35. Nxc5 Qxa2 36. d6 c2 37. d7 Rd8 38. Kh2 c1=Q 39. Ne1 Qaxc4 40.
Qxc4 Qxc4 41. Ned3 Rxd7 42. Ne5 Qxc5 43. Nxd7 Qc7+ 0-1

[Event "29.Schlosspark-Open"]
[Site "Wiesbaden-Biebrich"]
[Date "2017.08.26"]
[Round "5.73"]
[White "SchÃ¶ber, Sebastian"]
[Black "Policarpo, Raphael"]
[Result "1-0"]
[WhiteElo "1808"]
[BlackElo "1635"]
[PlyCount "69"]
[EventDate "2017.??.??"]
[WhiteTeam "Wiesbadener SV"]
[BlackTeam "SC Heusenstamm"]

1. d4 d5 2. Bf4 e6 3. e3 c5 4. Nf3 Nf6 5. h3 Nc6 6. c3 Be7 7. Nbd2 b6 8. Bd3
Bb7 9. Ne5 c4 10. Bc2 O-O 11. a4 a5 12. O-O Nxe5 13. dxe5 Nd7 14. Nf3 Nc5 15.
Re1 f6 16. Qb1 h6 17. Nd4 fxe5 18. Bxe5 Bf6 19. Bg3 e5 20. Nb5 e4 21. Bc7 Qd7
22. Bxb6 Nd3 23. Rf1 Bh4 24. Bxd3 cxd3 25. Qd1 Rf6 26. Bd4 Rg6 27. Qh5 Qf7 28.
Qxh4 Qf3 29. g3 Rf8 30. Be5 Rf5 31. Nd4 Qh5 32. Nxf5 Qxf5 33. Bf4 Ra6 34. Rfd1
Rb6 35. Qd8+ 1-0

[Event "29.Schlosspark-Open"]
[Site "Wiesbaden-Biebrich"]
[Date "2017.08.26"]
[Round "5.74"]
[White "Kunisch, Nina"]
[Black "Haftmann, Rainer"]
[Result "1-0"]
[WhiteElo "1601"]
[BlackElo "1800"]
[PlyCount "145"]
[EventDate "2017.??.??"]
[WhiteTeam "TV-GroÃŸostheim"]
[BlackTeam "SG Dietzenbach"]

1. e4 e5 2. Nf3 Nc6 3. Bb5 a6 4. Ba4 Nf6 5. d3 b5 6. Bb3 Be7 7. O-O d6 8. c3
O-O 9. h3 Na5 10. Bc2 c5 11. d4 Qc7 12. Re1 Bd7 13. Nbd2 Rac8 14. d5 Ne8 15. b3
g6 16. c4 Ng7 17. Bd3 bxc4 18. bxc4 Rb8 19. Nf1 f5 20. Qc2 f4 21. Bd2 h6 22.
N3h2 g5 23. f3 h5 24. Be2 Rfc8 25. Reb1 Rxb1 26. Rxb1 Bd8 27. Bc3 Ne8 28. Nd2
Nf6 29. Qd1 Rb8 30. Rxb8 Qxb8 31. Kf1 Bc7 32. Kg1 Nb7 33. Qb3 Nd8 34. Qxb8 Bxb8
35. Ba5 Nb7 36. Bc3 Bc7 37. Nb3 a5 38. a3 a4 39. Nc1 Ba5 40. Na2 Bb6 41. Nc1
Na5 42. Kf2 Kf7 43. Ke1 g4 44. hxg4 hxg4 45. Nf1 g3 46. Nd2 Kg6 47. Kf1 Kg5 48.
Kg1 Kh4 49. Kh1 Ne8 50. Kg1 Nc7 51. Kf1 Na8 52. Ke1 Bd8 53. Kd1 Bb6 54. Ke1 Nc7
55. Kf1 Ne8 56. Kg1 Nf6 57. Kh1 Be8 58. Kg1 Bg6 59. Bd3 Be8 60. Be2 Bd7 61. Kh1
Bc8 62. Nd3 Ba6 63. Nb2 Nb3 64. Nxb3 axb3 65. Bd1 Nd7 66. Bxb3 Bd8 67. Ba4 Nb6
68. Bb5 Bxb5 69. cxb5 Nd7 70. Nc4 Nb6 71. Nxd6 Na4 72. Bxe5 Bc7 73. Nf5+ 1-0